000 00710nam a22002417a 4500
001 79930
003 UA-OsUOA
005 20211028132732.0
007 ta
008 20111124b un ||||| |||| 00| 0 ukr d
040 _aUA-OsUOA
_brus
_cUA-OsUOA
_dUA-OsUOA
041 _arus
080 _a821.161.1
090 _a821.161.1
_bТ87
100 _aТургенев И. С.
245 _aСочинения
260 _aМ.
_bНаука
_c1980
300 _a542 с.
505 _gТ. 5
_tПовести и рассказы 1853 – 1857 годов. Рудин. Статьи и воспоминания 1855 – 1859
650 7 _a821 Художня література
_2UDC
942 _cBK
_2udc
955 _a3
999 _c366249
_d366249